000
00277nam a2200085Ia 4500
008
220120s9999||||xx |||||||||||||| ||und||
100
_a
Aiyappa, C.K and Mohith Nachappa
_9
12213
245
0
_a
GSM based controlling of device
260
_a
Coorg Institute of Technology
_b
Ponnampet
_c
2009
999
_c
137799
_d
137799